| 000 | 00390pab a2200157 454500 | ||
|---|---|---|---|
| 008 | 180718b1958 xxu||||| |||| 00| 0 eng d | ||
| 100 | _aD'Souza, J.B. | ||
| 245 | _aForms design : A short note | ||
| 260 | _c1958 | ||
| 300 | _ap.333-341. | ||
| 362 | _aJul-Sep | ||
| 650 | _aPublic administration | ||
| 773 | _aIndian Journal of Public Administration | ||
| 908 | _aN | ||
| 909 | _a100581 | ||
| 999 |
_c100580 _d100580 |
||